00749nam a2200241Ia 4500008004100000020001800041050001700059050001400076100002200090245004800112245004200160250001600202260001700218260002300235260000900258300001600267300002000283300001100303500002000314650003100334999001900365952012300384180523s9999 xx 000 0 und d a9812-531-71-8 aMAIN HF 5549 b.D43 2005 aDecenzo, David A. 0aFundamentals of human resource management / 0cDavid A. DeCenzo, Stephen P. Robbins. a8th Edition aNew Jersey : bJohn Wiley & Sons, c2005 a425 pages : billustrations ; c25 cm. aIncludes index. aHuman resource management. c357143d357143 001040aSMCbSMCcMAINd2007-01-30g598.00l0oMAIN HF 5549 .D43 2005pSMC03514r2018-05-23 00:00:00w2018-05-23yBK